00841 2200193 4500001002100000005001500021035002000036245025100056100004400307250002000351300005100371856002800422700008700450260003400537082001100571084001700582020002200599600002600621INLIS00000000114752220260302095820 a0010-03260000331 aPERTOLONGAN PERTAM PADA ANAK SAKIT :bPanduan Penangan Pertama Ketika Anak Sakit atau Mengalami Kecelakaan /cPenulis; dr. Niluh Swasanti dan Wikanda Satria Putra, Editor; Aziz Safa, Proofreader; Nur Hidayah, Desain Cover; Antok, Desain Isi; Joko0 aNiluh Swasanti dan Wikanda Satria Putra aCetakan Pertama a128 HALAMAN :bilustrasi ;c17 X 24 CmeKertas aPerpustakaan Keliling 10 aEditor; Aziz Safa, Proofreader; Nur Hidayah, Desain Cover; Antok, Desain Isi; Joko aYogyakarta :bKATAHARI,c2020 a616.02 a616.02 NIL p a978-602-1579-08-4 4aPengetahuan Kesehatan